The Tenancy Deposit Schemes (Scotland) Regulations 2011 (Record no. 112993)

MARC details
000 -LEADER
fixed length control field 01102cad a22002415a 4500
001 - CONTROL NUMBER
control field E154450
008 - FIXED-LENGTH DATA ELEMENTS--GENERAL INFORMATION
fixed length control field 111206s2011 xxk f s000 0 eng d
020 ## - INTERNATIONAL STANDARD BOOK NUMBER
International Standard Book Number 9781780455297
035 ## - SYSTEM CONTROL NUMBER
System control number (Sirsi) u154450
041 0# - LANGUAGE CODE
Language code of text/sound track or separate title eng
110 1# - MAIN ENTRY--CORPORATE NAME
Corporate name or jurisdiction name as entry element Scotland
Subordinate unit Scottish Government
9 (RLIN) 5344
245 04 - TITLE STATEMENT
Title The Tenancy Deposit Schemes (Scotland) Regulations 2011
Remainder of title consultation on the terms of proposed tenancy deposit schemes
Medium [electronic resource]
260 ## - PUBLICATION, DISTRIBUTION, ETC.
Place of publication, distribution, etc. Edinburgh
Name of publisher, distributor, etc. Scottish Government
Date of publication, distribution, etc. 2011
520 ## - SUMMARY, ETC.
Summary, etc. Seeks views on the terms of two proposed tenancy deposit schemes: The Letting Protection Service Scotland; and SafeDeposits Scotland. Deadline for comments is 21 January 2012.
521 ## - TARGET AUDIENCE NOTE
Target audience note Advanced
590 ## - LOCAL NOTE (RLIN)
Local note KA
650 24 - SUBJECT ADDED ENTRY--TOPICAL TERM
Topical term or geographic name entry element TENANCY DEPOSIT SCHEMES (SCOTLAND) REGULATIONS 2011
650 24 - SUBJECT ADDED ENTRY--TOPICAL TERM
Topical term or geographic name entry element HOUSING (SCOTLAND) ACT 2006 PART 4
651 #4 - SUBJECT ADDED ENTRY--GEOGRAPHIC NAME
Geographic name Scotland
Chronological subdivision 1999-
690 ## - LOCAL SUBJECT ADDED ENTRY--TOPICAL TERM (OCLC, RLIN)
Topical term or geographic name as entry element PROPERTY-RESIDENTIAL PROPERTY-RESIDENTIAL LANDLORD AND TENANT-RESIDENTIAL TENANCIES
856 40 - ELECTRONIC LOCATION AND ACCESS
Uniform Resource Identifier <a href="https://www.scotland.gov.uk/Publications/2011/11/28114920/0">https://www.scotland.gov.uk/Publications/2011/11/28114920/0</a>
Public note View the consultation at www.scotland.gov.uk
942 ## - ADDED ENTRY ELEMENTS (KOHA)
Suppress in OPAC 0
Holdings
Withdrawn status Lost status Source of classification or shelving scheme Damaged status Not for loan Home library Current library Shelving location Date acquired Total Checkouts Full call number Barcode Date last seen Copy number Price effective from Koha item type
    Dewey Decimal Classification     Virtual Virtual Online 06/12/2011   ONLINE PUBLICATION 154450-1001 06/08/2019 1 06/08/2019 Book